| 000 | 00996nam a22003137a 4500 | ||
|---|---|---|---|
| 003 | CHAP | ||
| 005 | 20220329132922.0 | ||
| 008 | 971013s1988 r 00010 d | ||
| 010 | _a254 | ||
| 011 | _a1226 | ||
| 035 | _a402 | ||
| 040 | _cCHAP | ||
| 090 | _aTesis | ||
| 100 | 0 | 0 |
_aEscamilla Martínez, Agustín. _937445 |
| 245 | _aDiseño de una máquina trilladora de frijol estacionaria | ||
| 260 |
_aChapingo, Méx. : _bEl autor, _c1988 |
||
| 300 |
_a130 h. _b: ilus. |
||
| 502 | _aTesis (Ing. Agr. Esp. en Maquinaria Agrícola) -- UACH. Departamento de Maquinaria Agrícola | ||
| 590 |
_aALEPH _b10 _c20130110 _lUCH01 _h1204 |
||
| 590 |
_aBATCH-UPD _b10 _c20130110 _lUCH01 _h1441 |
||
| 590 |
_aBATCH-UPD _b10 _c20130410 _lUCH01 _h0913 |
||
| 590 |
_aBATCH-UPD _b10 _c20130914 _lUCH01 _h1438 |
||
| 590 |
_aCONVERSION _b10 _c20130109 _lUCH01 _h1302 |
||
| 650 | 1 | 4 |
_aFrijol. _943319 |
| 650 | 1 | 4 |
_aTrilladoras. _9115147 |
| 901 | _aBK | ||
| 942 | _cTESIS | ||
| 949 |
_bBC _cTES _d-9847 _eTS1 _h22546 _i402 _si |
||
| 999 |
_c254 _d254 |
||